Vòng cung bất ổn Đông Á - nhân tố chính trong hệ thống an ninh khu vực /
Gespeichert in:
| 1. Verfasser: | |
|---|---|
| Format: | Artikel |
| Sprache: | Vietnamese |
| Schlagworte: | |
| Tags: |
Tag hinzufügen
Keine Tags, Fügen Sie den ersten Tag hinzu!
|
| Thư viện lưu trữ: | Thư viện Trường Đại học Đà Lạt |
|---|
| LEADER | 00797nam a2200265 4500 | ||
|---|---|---|---|
| 001 | DLU140166162 | ||
| 005 | ##20141215 | ||
| 040 | # | # | |a DLU |b vie |
| 041 | # | # | |a vie |
| 044 | # | # | |a vn |
| 100 | # | # | |a Kolotov Vladimir, |c GS.TSKH. |
| 245 | # | # | |a Vòng cung bất ổn Đông Á - nhân tố chính trong hệ thống an ninh khu vực / |c Kolotov Vladimir. |
| 653 | # | # | |a Đông Á |
| 653 | # | # | |a An ninh khu vực |
| 653 | # | # | |a Bất ổn |
| 773 | # | # | |t Tạp chí Nghiên cứu Trung Quốc |g Số8(132), 2012, tr. 27-35 |
| 920 | # | # | |a Phòng Tạp chí -- Trung tâm Thông tin - Thư viện Trường Đại học Đà Lạt |
| 994 | # | # | |a DLU |
| 900 | # | # | |a True |
| 911 | # | # | |a Nguyễn Thị Mai Anh |
| 925 | # | # | |a G |
| 926 | # | # | |a A |
| 927 | # | # | |a BB |
| 980 | # | # | |a Thư viện Trường Đại học Đà Lạt |